00486nam a2200145 a 4500008004100000050001300041100002100054245009000075260004000165300001400205350000900219490004600228650001400274650005200288060720s2005 ||||||||||||||||| || u aIBRD(08) aRaddatz, Claudio10aAre external shocks responsible for the instability of output in low income countries aWashington, D. C.bWorld Bankc2005 a52p.: ill a0.00 aWorld Bank policy research working papers 0aECONOMICS aEXTERNAL SHOCKS--RESEARCH--LOW INCOME COUNTRIES